Η επιρροή του σχολικού περιβάλλοντος στη συμπεριφορά των μαθητών : διπλωματική εργασία [μεταπτυχιακή εργασία]
Αποθηκεύτηκε σε:
| Κύριος συγγραφέας: | |
|---|---|
| Συγγραφή απο Οργανισμό/Αρχή: | |
| Μορφή: | Thesis Βιβλίο |
| Γλώσσα: | Greek |
| Δημοσίευση: |
2014.
|
| Θέματα: | |
| Διαθέσιμο Online: | http://hdl.handle.net/11610/15830 |
| Ετικέτες: |
Προσθήκη ετικέτας
Δεν υπάρχουν, Καταχωρήστε ετικέτα πρώτοι!
|
MARC
| LEADER | 00000cam a2200000 a 4500 | ||
|---|---|---|---|
| 001 | 1/108111 | ||
| 008 | 150825s ####gr | ||| |||| ||gre|| | ||
| 040 | |a GR-MyUa |b gre |c GR-MyUa |e AACR2 | ||
| 041 | 0 | |a gre | |
| 082 | 7 | |a 371.6 |2 (23) | |
| 100 | 1 | |a Καραγιαννίδου, Αθηνά. | |
| 245 | 1 | 2 | |a Η επιρροή του σχολικού περιβάλλοντος στη συμπεριφορά των μαθητών : |b διπλωματική εργασία [μεταπτυχιακή εργασία] / |c Καραγιαννίδου Αθηνά ; επιβλέπων καθηγητής Σταύρου Νεκτάριος. |
| 260 | |c 2014. | ||
| 300 | |a 144 σ. : |b πίν. ; |c 30 εκ. | ||
| 502 | |a Διατριβή (μεταπτυχιακή) – Πανεπιστήμιο Αιγαίου, Ρόδος, 2014. | ||
| 504 | |a Βιβλιογραφία: σ. 117-124. | ||
| 506 | 1 | |a Διάθεση μόνο λέξεων κλειδιών - περιλήψεων. | |
| 650 | 0 | |a School environment. | |
| 650 | 0 | |a School buildings |x Planning. | |
| 650 | 0 | |a Effective teaching. | |
| 650 | 0 | |a School buildings |x Design and construction. | |
| 700 | 0 | |a Σταύρου, Νεκτάριος, |e dgs | |
| 710 | 2 | |a Πανεπιστήμιο Αιγαίου |b Σχολή Ανθρωπιστικών Επιστημών |b Τμήμα Επιστημών της Προσχολικής Αγωγής και του Εκπαιδευτικού Σχεδιασμού |b Πρόγραμμα Μεταπτυχιακών Σπουδών Περιβαλλοντική Εκπαίδευση. | |
| 852 | |a INST |b RHODES |c DIATR |e 20150827 |h 371.6 ΚΑΡ |p 005400037940 |q 005400037940 |t MTXE |y 23 | ||
| 852 | |a INST |b RHODES |c DIATR |e 20150827 |h 371.6 ΚΑΡ |p 005400037954 |q 005400037954 |t MTXE |y 23 | ||
| 856 | |u http://hdl.handle.net/11610/15830 | ||
| 924 | |a Καραγιαννίδου |b Αθηνά |y Ρόδος |z 2014-09 | ||
| 970 | |z 25-08-2015 | ||